| 000 | 005590000a22001930004500 | ||
|---|---|---|---|
| 003 | LK-CoMWRAF | ||
| 005 | 20231020000209.0 | ||
| 008 | 230817t ||||| |||| 00| 0 eng d | ||
| 020 | _a9558095826 | ||
| 040 |
_aLK-CoMWRAF _dLK-CoMWRAF _eLK-CoMWRAF |
||
| 041 | _aeng | ||
| 082 |
_a820 _bGOO |
||
| 100 | _aGoonetilleke, D.C.R.A. | ||
| 245 | _aSri Lankan English literature and the Sri lankan people 1917-2003 | ||
| 260 |
_aSri Lanka(Colombo) : _bVijitha Yapa, _c2005 |
||
| 300 | _avii, 318p. ; 22cm | ||
| 650 | _aSri Lankan literature (English) | ||
| 942 | _cBK | ||
| 999 |
_c809 _d809 |
||